Times de São Paulo que jogam na série A do brasileirão - Statistics

Estatísticas Gerais
  • Esse quiz foi jogado 41 vezes
  • A pontuação média é 4 de 5
Estatísticas das Respostas
Hint Resposta % Correto
SP Palmeiras
94%
SP São Paulo
94%
SP Corinthians
88%
SP Santos
88%
SP Red bull bragantino
41%
Nenhum quiz correspondente encontrado
Distribuição das Pontuações
Porcentagem de Pessoas com Cada Pontuação
Percentil de Números Respondidos
Sua Pontuação Histórica
Você não jogou esse quiz